• 首页
  • 本馆介绍
  • 公告通知
  • 最新文献
  • 馆藏检索
  • 电子资源
  • 读者导购
  • 参考咨询
  • 我的图书馆
  • 登录
  • 详细信息显示
  • 放入我的书架
  • 预约/预借图书
  • 作者相关作品
  • 分类相关作品
  • 丛书相关作品
  • 出版社相关作品

书目信息

  • 表格格式
  • 工作单格式
  • 卡片格式
题名:
Excel应用大全
    
 
作者: 杨小丽 编著
分册:  
出版信息: 北京   中国铁道出版社  2016
页数: 625页
开本: 26cm
丛书名:
单 册:
中图分类: TP391.13
科图分类:
主题词: 表处理软件--基本知识
电子资源:
ISBN: 978-7-113-21053-3
000 01046nam0 2200253 450
001 3317
005 20160926085801.92
010    @a978-7-113-21053-3@b平装@dCNY79.00
100    @a20160303d2016 em y0chiy50 ea
101 0  @achi
102    @aCN@b110000
105    @ay z 000yy
200 1  @aExcel应用大全@9Excel ying yong da quan@e全新升级版@f杨小丽编著
210    @a北京@c中国铁道出版社@d2016
215    @a625页@d26cm@e1光盘
300    @a附光盘
307    @a附光盘:ISBN 978-7-89406-410-3
330    @a本书为《Excel应用大全》的全新改版,全书兼顾2003版本、2007、2010和2013版本的Excel用户,分别从Excel的基本功能、公式和函数的基本应用、数据的高级管理、图表的基本应用、数据的透视分析和高级分析、Excel协同及Excel自动化功能7个方面对Excel的常规应用进行了详细的介绍,最后通过附录A~D对Excel的其他版本界面、工作表函数、VBA函数和VBA事件进行补充。
606 0  @a表处理软件@x基本知识
610 0  @aExcel
690    @aTP391.13@v5
701  0 @a杨小丽@9yang xiao li@4编著
801  0 @aCN@b唐山师范学院图书馆@c20151001
905    @aZUCC@dTP391.13@e1004
    
    Excel应用大全:全新升级版/杨小丽编著.-北京:中国铁道出版社,2016
    625页;26cm+1光盘
    附光盘
    
    ISBN 978-7-113-21053-3(平装):CNY79.00
    本书为《Excel应用大全》的全新改版,全书兼顾2003版本、2007、2010和2013版本的Excel用户,分别从Excel的基本功能、公式和函数的基本应用、数据的高级管理、图表的基本应用、数据的透视分析和高级分析、Excel协同及Excel自动化功能7个方面对Excel的常规应用进行了详细的介绍,最后通过附录A~D对Excel的其他版本界面、工作表函数、VBA函数和VBA事件进行补充。
●
相关链接 在E读中查询图书 在五车中查询图书 在当当中查询图书 在豆瓣中查询图书


正题名:Excel应用大全     索取号:TP391.13/1004         预约/预借

序号 登录号 条形码 馆藏地/架位号 状态 备注
1 904487   209044871   第二样本阅览室/ [索取号:TP391.13/1004] 在馆    
2 904488   209044880   第三借阅区/ [索取号:TP391.13/1004] 在馆    
3 904489   209044899   第三借阅区/ [索取号:TP391.13/1004] 在馆    
4 904490   209044906   第三借阅区/ [索取号:TP391.13/1004] 在馆    
5 904491   209044915   密集书库—计算机科学学院/ [索取号:TP391.13/1004] 在馆    
唐山师范学院图书馆 欢迎您!
大连网信软件有限公司© 版权所有